| 000 | 00956nam a22002297a 4500 | ||
|---|---|---|---|
| 005 | 20240904165917.0 | ||
| 010 | _aHIN-128353 | ||
| 020 |
_c695.00 _a9789393247919 |
||
| 035 | _aHN-100699 | ||
| 037 | _bDBAD | ||
| 082 | _a305.562 | ||
| 100 |
_aकुमारी पल्लवी _971045 |
||
| 245 |
_aअनुसूचित जाति महिला एव इलेक्ट्रानिक मीडिया/ _cपल्लवी कुमारी |
||
| 250 | _a1 | ||
| 260 |
_a दिल्ली _bअंकुर बुक डिस्ट्रीब्यूटस _c2024 |
||
| 270 |
_a526, प्रथम तल, स्ट्रीट न. 5, विजय पार्क मौजपुर _bदिल्ली _e110053 _k7503082286 |
||
| 300 |
_a219 पृ0 _c22 सेमी (सजिल्द) |
||
| 700 | _971000 | ||
| 700 | _971001 | ||
| 700 | _971002 | ||
| 942 |
_2ddc _cHN _h305.562 _mपल्लवी |
||
| 999 |
_c205555 _d205555 |
||